Chợ quê Quảng Bình

Tác phẩm giới thiệu khái quát về địa lý, dân cư, tài nguyên, phong tục tập quán và đời sống người dân Quảng Bình. Đặc biệt là "chợ quê" của Quảng Bình trong thời xưa và nay. Cùng với bức tranh các vùng chợ quê tiêu biểu nổi tiê...

Descrición completa

Gardado en:
Detalles Bibliográficos
Autor Principal: Đặng, Thị Kim Liên
Formato: Libro
Idioma:Undetermined
Publicado: Hà Nội Văn hóa Dân tộc 2011
Những chủ đề:
Các nhãn: Engadir etiqueta
Sen Etiquetas, Sexa o primeiro en etiquetar este rexistro!
Thư viện lưu trữ: Trung tâm Học liệu Trường Đại học Cần Thơ
LEADER 01030nam a2200205Ia 4500
001 CTU_172690
008 210402s9999 xx 000 0 und d
082 |a 398.0959745 
082 |b L305 
100 |a Đặng, Thị Kim Liên 
245 0 |a Chợ quê Quảng Bình 
245 0 |c Đặng Thị Kim Liên 
260 |a Hà Nội 
260 |b Văn hóa Dân tộc 
260 |c 2011 
520 |a Tác phẩm giới thiệu khái quát về địa lý, dân cư, tài nguyên, phong tục tập quán và đời sống người dân Quảng Bình. Đặc biệt là "chợ quê" của Quảng Bình trong thời xưa và nay. Cùng với bức tranh các vùng chợ quê tiêu biểu nổi tiếng của vùng đất Quảng Bình được giới thiệu đến. 
650 |a Folklore,Văn hóa dân gian 
650 |z Vietnam,Việt Nam 
904 |i Tuyền,Hải 
980 |a Trung tâm Học liệu Trường Đại học Cần Thơ